000
00400 a2200181 4500
260
_a
Cambridge
100
_a
SOUTHGATE, D.A.T.
260
_b
The Royal Society of Chemistry
300
_a
IX-174p.
245
_a
Dietery Analysis
650
_a
NUTRITION HUMAINE
300
_b
couv. ill. en coul.
260
_c
1995
130
_l
En
020
_a
o-85404-556-2
999
_c
27532
_d
27532